Cahiers d'un volontaire de 91 / (Record no. 145673)

MARC details
000 -LEADER
campo de control de longitud fija 01119nam a2200301 i 4500
001 - NÚMERO DE CONTROL
campo de control 145673
003 - IDENTIFICADOR DE NÚMERO DE CONTROL
campo de control ES-MaACL
005 - FECHA Y HORA DE LA ÚLTIMA TRANSACCIÓN
campo de control 20250818063102.0
007 - CAMPO FIJO DE DESCRIPCIÓN FÍSICA--INFORMACIÓN GENERAL
campo de control de longitud fija t|
008 - DATOS DE LONGITUD FIJA--INFORMACIÓN GENERAL
campo de control de longitud fija 071015q1911 fr a |r| 00110dfre d
040 ## - FUENTE DE CATALOGACIÓN
Centro/agencia transcriptor ES-MaACL
080 ## - NÚMERO DE LA CLASIFICACIÓN DECIMAL UNIVERSAL
Número de la Clasificación Decimal Universal 94(44)"1789/99"(093.3)
100 1# - ENTRADA PRINCIPAL--NOMBRE DE PERSONA
Nombre de persona Vernère, Xavier,
Fechas asociadas al nombre 1775-1846
Término indicativo de función/relación Autor
9 (RLIN) 114168
245 10 - MENCIÓN DEL TÍTULO
Título Cahiers d'un volontaire de 91 /
Mención de responsabilidad, etc. Xavier Vernère, publiés par M. X. Gerin-Roze
260 ## - PUBLICACIÓN, DISTRIBUCIÓN, ETC.
Lugar de publicación, distribución, etc. Paris :
Nombre del editor, distribuidor, etc. Arthéme Fayard,
Fecha de publicación, distribución, etc. [1911]
300 ## - DESCRIPCIÓN FÍSICA
Extensión 186 páginas :
Otras características físicas ilustraciones (blanco y negro) ;
Dimensiones 24 cm
Material acompañante/anejo
490 1# - MENCIÓN DE SERIE
Mención de serie Mémoires et souvenirs
500 ## - NOTA GENERAL
Nota general Índice
530 ## - NOTA DISPONIBLE DE FORMULARIO FÍSICO ADICIONAL
Nota de formato físico adicional disponible Disponible en formato digital
651 #4 - PUNTO DE ACCESO ADICIONAL DE MATERIA--NOMBRE GEOGRÁFICO
Nombre geográfico Francia-
Subdivisión general Historia-
Subdivisión cronológica 1789-1799, Revolución-
Subdivisión de forma Relatos personales
9 (RLIN) 155372
700 1# - ENTRADA AGREGADA--NOMBRE PERSONAL
Nombre de persona Gerin-Roze, Xavier
Término indicativo de función/relación Editor literario
9 (RLIN) 56454
830 #0 - PUNTO DE ACCESO ADICIONAL DE SERIE-TÍTULO UNIFORME
Título uniforme Mémoires et souvenirs
9 (RLIN) 183261
852 4# - LOCALIZACIÓN
Ubicación ES-MaACL
Ubicación en estantería Sala Palomar
Número de control de estantería C-1105
856 4# - LOCALIZACIÓN Y ACCESO ELECTRÓNICOS
Identificador Uniforme de Recursos <a href="https://gallica.bnf.fr/ark:/12148/bpt6k5756551z">https://gallica.bnf.fr/ark:/12148/bpt6k5756551z</a>
Texto de enlace Versión en línea
Nota pública (Gallica. Bibliothèque nationale de France)
942 ## - ELEMENTOS DE ENTRADA SECUNDARIOS (KOHA)
Tipo de ítem Koha Libro impreso
Suprimir en OPAC No
Holdings
Estatus retirado Estado de pérdida Estado de daño No para préstamo Biblioteca de origen Biblioteca actual Ubicación en estantería Fecha de adquisición Fuente de adquisición Total de préstamos Signatura topográfica completa Código de barras Visto por última vez Precio de reemplazo Tipo de ítem Koha
        Biblioteca del Ateneo de Madrid Biblioteca del Ateneo de Madrid Sala Palomar 17/01/2008     C-1105 1152061 23/02/2023 23/02/2023 Libro impreso